Tenth conference of the International Bar Association : (Record no. 45500)
[ view plain ]
| 000 -LEADER | |
|---|---|
| fixed length control field | 01062nam a2200241 a 4500 |
| 001 - CONTROL NUMBER | |
| control field | 45500 |
| 003 - CONTROL NUMBER IDENTIFIER | |
| rucl marc code | BD-RjUL |
| 005 - DATE AND TIME OF LATEST TRANSACTION | |
| control field | 20211209054026.0 |
| 008 - FIXED-LENGTH DATA ELEMENTS--GENERAL INFORMATION | |
| fixed length control field | 160726s1964 go ||||| ||b| 00| 0 eng d |
| 035 ## - SYSTEM CONTROL NUMBER | |
| System control number | (BD-RjUL)45618 |
| 040 ## - CATALOGING SOURCE | |
| Original cataloging agency | BD-RjUL |
| Language of cataloging | eng |
| Transcribing agency | BD-RjUL |
| 041 ## - LANGUAGE CODE | |
| Language code of text/sound track or separate title | eng |
| 082 ## - DEWEY DECIMAL CLASSIFICATION NUMBER | |
| Edition number | 23 |
| Classification number | 341 |
| Author mark and year | TEN 1964 |
| 110 ## - MAIN ENTRY--CORPORATE NAME | |
| Corporate name or jurisdiction name as entry element | International Bar Association |
| 9 (RLIN) | 139263 |
| 245 10 - TITLE STATEMENT | |
| Title | Tenth conference of the International Bar Association : |
| Remainder of title | Mexico, D.F., Mexico, July 27-31, 1964 : Summary of proceedings, International Code of Ethics for the Legal Profession, official papers and reports, list of authors, committee members, conferees, patrons and subscribers, index to topics discussed at Mexico City and previous conferences / |
| Statement of responsibility, etc. | International Bar Association |
| 260 ## - PUBLICATION, DISTRIBUTION, ETC. (IMPRINT) | |
| Place of publication, distribution, etc. | The Hague : |
| Name of publisher, distributor, etc. | Martinus Nijhoff, |
| Date of publication, distribution, etc. | 1964 |
| 300 ## - PHYSICAL DESCRIPTION | |
| Pagination | xlii, 502 p. ; |
| Size | 25 cm. |
| 650 ## - SUBJECT ADDED ENTRY--TOPICAL TERM | |
| Topical term or geographic name as entry element | International law |
| 9 (RLIN) | 139264 |
| Topical term or geographic name as entry element | law Congresses |
| 9 (RLIN) | 139265 |
| Topical term or geographic name as entry element | Law as a profession -- Congresses |
| 9 (RLIN) | 139318 |
| Topical term or geographic name as entry element | Practice of law -- Congresses. |
| 9 (RLIN) | 139319 |
| 942 ## - ADDED ENTRY ELEMENTS (KOHA) | |
| Source of classification or shelving scheme | Dewey Decimal Classification |
| Koha item type | Books |
| Lost status | Source of classification or shelving scheme | Damaged status | Not for loan | Collection code | Permanent Location | Current Location | Shelving location | Date acquired | Source of acquisition | Cost, normal purchase price | Total Checkouts | Full call number | Date last seen | Copy number | Koha item type |
|---|---|---|---|---|---|---|---|---|---|---|---|---|---|---|---|
| Dewey Decimal Classification | Non-fiction | Central Library, University of Rajshahi | Central Library, University of Rajshahi | 24/11/1967 | Zeitlinger | 57.00 | 341 TEN 1964 | 26/07/2016 | C-2 | Books |